[Event "London TechM GCL"]
[Site "London"]
[Date "2024.10.10"]
[Round "9.4"]
[White "Koneru, Humpy"]
[Black "Assaubayeva, Bibissara"]
[Result "1/2-1/2"]
[WhiteElo "2530"]
[BlackElo "2487"]
[PlyCount "97"]
[EventDate "2024.10.03"]
[EventType "team-tourn (rapid)"]
[EventRounds "10"]
[EventCountry "ENG"]
[SourceTitle "CB42_2024"]
[Source "ChessBase"]
[SourceDate "2024.10.16"]
[SourceVersion "1"]
[SourceVersionDate "2024.10.16"]
[SourceQuality "1"]
[WhiteTeam "Mumba Masters"]
[BlackTeam "American Gambits"]
[WhiteTeamCountry "IND"]
[BlackTeamCountry "USA"]

1. d4 Nf6 2. Nf3 g6 3. e3 Bg7 4. Be2 0-0 5. 0-0 c5 6. dxc5 Qa5 7. c4 Qxc5 8. Nc3 d6 9. e4 Bg4 10. Be3 Qc8 11. Rc1 Bxf3 12. Bxf3 Nc6 13. Be2 Nd7 14. Qd2 Nc5 15. f3 Ne6 16. Rfd1 Ned4 17. Nb5 Ne6 18. Bf1 Rd8 19. Nc3 Ned4 20. b4 e5 21. b5 Ne7 22. Bxd4 exd4 23. Ne2 a6 24. Nxd4 axb5 25. cxb5 Qb8 26. Nb3 d5 27. Qb4 Bf8 28. a4 Nf5 29. Qe1 Qa7+ 30. Qf2 Ne3 31. Rd4 Bh6 32. Re1 Nxf1 33. Kxf1 Bg7 34. e5 Rac8 35. Qd2 Qa8 36. Qd3 Re8 37. f4 f6 38. e6 f5 39. e7 Bxd4 40. Qxd4 b6 41. Qxb6 Qxa4 42. Qe6+ Kg7 43. Qe5+ Kg8 44. Qxd5+ Kg7 45. Qe5+ Kg8 46. Qd5+ Kg7 47. Qe5+ Kg8 48. Qd5+ Kg7 49. Qe5+ 1/2-1/2

[Event "London TechM GCL"]
[Site "London"]
[Date "2024.10.09"]
[Round "8.3"]
[White "Assaubayeva, Bibissara"]
[Black "Hou, Yifan"]
[Result "1/2-1/2"]
[WhiteElo "2487"]
[BlackElo "2633"]
[PlyCount "132"]
[EventDate "2024.10.03"]
[EventType "team-tourn (rapid)"]
[EventRounds "10"]
[EventCountry "ENG"]
[SourceTitle "CB42_2024"]
[Source "ChessBase"]
[SourceDate "2024.10.16"]
[SourceVersion "1"]
[SourceVersionDate "2024.10.16"]
[SourceQuality "1"]
[WhiteTeam "American Gambits"]
[BlackTeam "Alpine Sg Pipers"]
[WhiteTeamCountry "USA"]
[BlackTeamCountry "SIN"]

1. c4 e6 2. Nc3 d5 3. d4 a6 4. cxd5 exd5 5. Nf3 Nf6 6. Bg5 Be6 7. e3 Nbd7 8. Bd3 c6 9. Bf4 Nh5 10. 0-0 Nxf4 11. exf4 Bg4 12. Qe1+ Be7 13. Ne5 Nxe5 14. fxe5 0-0 15. f4 Qb6 16. Qf2 f6 17. Bxh7+ Kxh7 18. Qh4+ Kg8 19. Qxg4 Qxd4+ 20. Kh1 Rae8 21. Qe6+ Rf7 22. Qd7 Rd8 23. Qxb7 fxe5 24. Qxc6 exf4 25. Rad1 Qc4 26. Qe6 Rd6 27. Qg4 f3 28. Qg3 fxg2+ 29. Qxg2 Rxf1+ 30. Rxf1 Bf6 31. Re1 Qc6 32. Rd1 Bxc3 33. bxc3 Qxc3 34. Qe2 Qc6 35. Qf3 d4 36. Qxc6 Rxc6 37. Rxd4 Rc1+ 38. Kg2 Rc2+ 39. Kg3 Rxa2 40. Rd7 Kh7 41. h4 Rc2 42. Ra7 Rc6 43. Kg4 Rg6+ 44. Kf4 Kh6 45. Ra8 Kh5 46. Rh8+ Rh6 47. Rg8 Rf6+ 48. Kg3 Kg6 49. Kg4 Rc6 50. Ra8 Rc4+ 51. Kg3 Ra4 52. Ra7 Kh6 53. Kh3 g6 54. Kg3 a5 55. Kh3 Ra3+ 56. Kg4 a4 57. Kf4 Ra1 58. Kg3 a3 59. Kh3 a2 60. Kg2 Kh5 61. Ra6 Kxh4 62. Ra4+ Kh5 63. Ra5+ g5 64. Ra8 Kg4 65. Ra7 Kh4 66. Kh2 Kg4 1/2-1/2